| 000 | 00582nam a2200229Ia 4500 | ||
|---|---|---|---|
| 008 | 160418s9999 xx 000 0 und d | ||
| 020 | _a971-19-0130-7 | ||
| 050 | _aFIL PL 6058.9 | ||
| 050 | _b.B38D45 1991 | ||
| 100 | _aBautista, Lualhati. | ||
| 245 | _aDekada 70 / | ||
| 245 | _cLualhati Bautista. | ||
| 250 | _aComple Edition | ||
| 260 | _aManila : | ||
| 260 | _bEducational Pub. House, | ||
| 260 | _c1988 | ||
| 300 | _a228 pages : | ||
| 300 | _billustrations ; | ||
| 300 | _c17 cm. | ||
| 650 | _aPhilippine fiction (Tagalog). | ||
| 650 | _xNovel -- Philippines. | ||
| 999 |
_c293563 _d293563 |
||